Forest physiography : physiography of the United States and principles of soils in relation to forestry /

Zapisane w:
Opis bibliograficzny
1. autor: Bowman, Isaiah, 1878-1950
Format: Książka
Język:English
Wydane: New York : John Wiley & Sons, 1911.
Wydanie:1st ed.
Hasła przedmiotowe:
LEADER 01145cam a2200301 a 4500
001 c000278431
003 CARM
005 20071219094822.0
008 960219s1911 nyuabf b 001 0 eng d
010 |a 11029383 
019 1 |a 9361549  |z 9328942  |5 LACONCORD2021 
020 |a 0405026595 
035 |a (OCoLC)581803  |5 LACONCORD2021 
040 |a AS:FOR  |c VCAV 
043 |a n-us--- 
050 0 0 |a GB121  |b .B7 
100 1 |a Bowman, Isaiah,  |d 1878-1950. 
245 1 0 |a Forest physiography :  |b physiography of the United States and principles of soils in relation to forestry /  |c by Isaiah Bowman. 
250 |a 1st ed. 
260 |a New York :  |b John Wiley & Sons,  |c 1911. 
300 |a xxii, 759 p. :  |b ill., maps, plates ;  |c 24 cm. 
504 |a Includes bibliographical references and index. 
650 0 |a Physical geography  |z United States. 
650 0 |a Forests and forestry  |z United States. 
650 0 |a Soils. 
852 8 |b CARM  |h A1:AQ16F0  |i C10774  |p 0459398  |f BK 
999 f f |i f87781d1-f8fe-52a9-9fb0-d6d32c43d6ad  |s d61450de-5b93-57b1-bddd-63d1376accef 
952 f f |p Can circulate  |a CAVAL  |b CAVAL  |c CAVAL  |d CARM 1 Store  |e C10774  |f A1:AQ16F0  |h Other scheme  |i book  |m 0459398